Nexus between Small and Medium-Sized Enterprise Budgeting Skills and Loan Repayment in South Africa

Cieľom tejto štúdie je posúdiť vplyv rozpočtových zručností malých a stredných podnikov (MSP) na splácanie úverov v Južnej Afrike. Ako vhodná metodika pre túto štúdiu bol zvolený kvantitatívny výskumný prístup, zatiaľ čo ako vhodný spôsob výberu účastníkov pre túto štúdiu bol zvolený účelový výberov...

Descrizione completa

Salvato in:
Dettagli Bibliografici
Autore principale: Sthembiso Msomi, Thabiso
Natura: Capitolo di libro
Lingua:inglese
Soggetti:
Tags: Aggiungi Tag
Nessun Tag, puoi essere il primo ad aggiungerne!!

MARC

LEADER 00000naa a2200000 4500
001 0308468
005 20250506082747.2
041 0 |a eng 
044 |a UA 
245 1 0 |a Nexus between Small and Medium-Sized Enterprise Budgeting Skills and Loan Repayment in South Africa  |c Thabiso Sthembiso Msomi 
520 |a Cieľom tejto štúdie je posúdiť vplyv rozpočtových zručností malých a stredných podnikov (MSP) na splácanie úverov v Južnej Afrike. Ako vhodná metodika pre túto štúdiu bol zvolený kvantitatívny výskumný prístup, zatiaľ čo ako vhodný spôsob výberu účastníkov pre túto štúdiu bol zvolený účelový výberový prístup. Primárne údaje pre túto štúdiu pochádzali od respondentov, ktorí boli majiteľmi malých a stredných podnikov v maloobchode, hardvéri, stavebníctve a výrobnom priemysle. 
610 2 0 |a Afrika 
610 2 0 |a podnik malý 
610 2 0 |a podnik stredný 
610 2 0 |a rozpočet podnikový 
610 2 0 |a úver 
100 1 |a Sthembiso Msomi, Thabiso